LEADER 01036nam0 2200301 450 001 000023560 005 20090225151444.0 010 $a88-420-3779-6 100 $a20090225d1996----km-y0itay50------ba 101 0 $aita 102 $aIT 105 $ay-------001yy 200 1 $a<>immigrati in Italia$fMaria Immacolata Macioti, Enrico Pugliese$gprefazione di Franco Ferrarotti 205 $a4. ed 210 $aRoma$cLaterza$d1996$aBari 215 $aVII, 221 p.$d21 cm 225 2 $aLibri del tempo Laterza$v225 410 0$12001$aLibri del tempo Laterza 500 10$a<>immigrati in Italia$944635 610 1 $aImmigrati$aCondizioni economiche e sociali$aItalia 676 $a305.800945$v20$9Gruppi razziali, etnici, nazionali. Italia 700 1$aMacioti,$bMaria Immacolata$0105232 701 1$aPugliese,$bEnrico$f<1942- >$0307375 801 0$aIT$bUNIPARTHENOPE$c20090225$gRICA$2UNIMARC 912 $a000023560 951 $a126/211$b8311$cNAVA2$d2009 996 $aImmigrati in Italia$944635 997 $aUNIPARTHENOPE LEADER 00873nam0 22002531i 450 001 UON00513764 005 20231205105511.50 100 $a20230503d1955 |0itac50 ba 101 $ajpn 102 $aJP 105 $a|||| ||||| 200 1 $aKabuki izen$fHayashiya Tatsusabur? 205 $a3. ed 210 $aT?ky?$cIwanami shoten$d1955 215 $a253 p.$d17 cm 620 $aJP$dTo?kyo?$3UONL000031 700 1$aHAYASHIYA$bTatsusaburo (1914- )$3UONV004321$0635244 712 $aIwanami shoten$3UONV246463$4650 801 $aIT$bSOL$c20240220$gRICA 899 $aSIBA - SISTEMA BIBLIOTECARIO DI ATENEO$2UONSI 912 $aUON00513764 950 $aSIBA - SISTEMA BIBLIOTECARIO DI ATENEO$dSI GIA FONDO GIAPP TERZO PIANO 058 $eSI 42283 5 058 996 $aKabuki izen$91199862 997 $aUNIOR